000 00271nam a22001217a 4500
008 181218b xxu||||| |||| 00| 0 eng d
041 _aeng
080 _a781
100 _a45
101 _aMUZ
245 _aIntroduction Contemporary Music
_cJoseph.M
942 _2udc
_cBK
999 _c53437
_d53437